000 00525nam a22001697a 4500
005 20251108174726.0
008 250721s2009 xx 000 0 ara d
082 1 4 _a939.48/حما
100 1 _aأبو الحمام، عزام محمد رشيد
_eمؤلف
245 1 0 _aالأنباط : (تاريخ و حضارة ) /
264 1 _aعمان :
_bدار اسامة للنشر والتوزيع،
_c2009.
300 _a288 ص.
650 1 7 _aالانباط
650 1 7 _aالتاريخ
942 _2ddc
_cBK
999 _c116434
_d116434